| 000 | 00469cam a2200193 4500 | ||
|---|---|---|---|
| 001 | D3566 | ||
| 008 | 090401t1984 xxu||||| |||| 00| 0 eng d | ||
| 035 | _a(Sirsi) u73818 | ||
| 041 | _aeng | ||
| 050 | _a693.832 | ||
| 110 |
_aEurisol-UK _9319 |
||
| 245 | _aEconomic thickness of insulation in lofts | ||
| 260 |
_aBromley, Kent _bEurisol-UK _c1984 |
||
| 300 | _a2p. 30cm | ||
| 350 | _a0 | ||
| 490 |
_aInsulation Fact Sheet _v17 |
||
| 942 | _n0 | ||
| 948 | _c04/03/1997 | ||
| 999 |
_c95712 _d95712 |
||